000 00540nam a2200193 i 4500
001 188934
003 ES-MaACL
005 20260203063034.0
008 190227s2009 xxu |||| | eng d
020 _a978-0-374-53139-3
080 _a821.111-14"19"
100 1 _aHeaney, Seamus,
_d1939-2013
_9166173
245 1 0 _aField work /
_cSeamus Heaney.
250 _aPaperback ed.
260 _aNew York :
_bFarrar, Straus, Giroux,
_c2009.
300 _a58 p. ;
_c21 cm.
852 _aES-MaACL
_j2338-F-6
999 _c188934
_d188934